Οίνος : ο ιστορικός κύκλος των Κεφαλλονίτικων κρασιών

Αποθηκεύτηκε σε:
Λεπτομέρειες βιβλιογραφικής εγγραφής
Κύριος συγγραφέας: Δεμπόνος, Αγγελο-Διονύσης
Μορφή: Βιβλίο
Γλώσσα:Greek
Δημοσίευση: Αθήνα : Διάττων, 2003.
Θέματα:
Ετικέτες: Προσθήκη ετικέτας
Δεν υπάρχουν, Καταχωρήστε ετικέτα πρώτοι!

MARC

LEADER 00000cam a2200000 i 4500
001 1/25473
008 060302s2003 gr | ||| |||| ||gre||
020 |a 9607031636 
035 |l 10082923 
040 |a GR-MyUA  |b gre  |e AACR2 
041 0 |a gre 
082 0 |a 663.20094955  |2 (22) 
100 1 |a Δεμπόνος, Αγγελο-Διονύσης. 
245 1 0 |a Οίνος :   |b ο ιστορικός κύκλος των Κεφαλλονίτικων κρασιών /   |c Αγγελο-Διονύσης Δεμπόνος.  
260 |a Αθήνα :   |b Διάττων,   |c 2003.  
300 |a 106 σ. :   |b εγχρ. εικ. ;   |c 29 εκ.  
650 0 0 |a Wine and wine making  |z Greece  |z Cephalonia (Municipality)  |x History. 
852 |a INST  |b SAMOS  |e 20060302  |h 663.20094955 ΔΕΜ  |p 005300024648  |q 005300024648  |t BK  |y 0 
901 |a BIBL3-2006-1 
909 |a Σ  |b 124789 
922 |a 3ΕΛΗ  |b 200601  |c ΜΕΤΑΠΤΥΧΙΑΚΟ/ΜΑΘΗΜΑΤΙΚΟ  |d ΜΙΧΑΛΟΠΟΥΛΟΣ 
970 |a ΚΟΣΙΕΡΗΣ  |b ΧΡΗΣΤΟΣ  |z 2006/03/02